000 00465nam a22001817a 4500
005 20251108172000.0
008 250721s1987 xx 000 0 ara d
082 1 4 _a956.203/كما
100 1 _aجنبلاط، كمال
245 1 0 _aهذه وصيتي /
250 _aط2
264 _bالدار التقدمية،
_c1987.
300 _a219ص
650 1 7 _aتاريخ لبنان
650 1 7 _aالعصر الحديث
942 _2ddc
_cBK
999 _c67521
_d67521